000 00744nam a2200289Ia 4500
005 20260324124554.0
008 008 260324s9999 xx 000 0 eng d
020 _a9780429075551
037 _aEBOOK
040 _aCRL
040 _beng
040 _cCRL
041 _2eng
041 _aeng
084 _qCRL
100 _aManijeh Razeghi
_91174667
245 4 _aThe MOCVD Challenge
245 2 _bA survey of GaInAsP-InP and GaInAsP-GaAs for photonic and electronic device applications, Second Edition
260 _bTaylor and Francis
260 _c2010
365 _a
365 _b560
856 _uhttp://www.taylorfrancis.com/books/9780429075551
942 _cEBOOK
999 _c1769159
_d1769159